|
|
|
|
| LEADER |
00000nam0a2200000 4500 |
| 001 |
272511 |
| 005 |
20231101234536.0 |
| 020 |
|
|
|a RU
|b 86-54909
|
| 035 |
|
|
|a (RuTPU)RU\TPU\book\295718
|
| 090 |
|
|
|a 272511
|
| 100 |
|
|
|a 20141018d1986 km y0rusy5003 ca
|
| 101 |
0 |
|
|a rus
|
| 102 |
|
|
|a RU
|
| 105 |
|
|
|a y z 000zy
|
| 200 |
1 |
|
|a Интенсификация обновления производственного аппарата
|f В. И. Кушлин
|
| 210 |
|
|
|a Москва
|c Мысль
|d 1986
|
| 215 |
|
|
|a 263 с.
|
| 606 |
1 |
|
|a Социалистическое производство
|x Политэкономия
|2 stltpush
|3 (RuTPU)RU\TPU\subj\36946
|9 58139
|
| 606 |
1 |
|
|a Технический прогресс
|x Политическая экономия
|y Россия
|2 stltpush
|3 (RuTPU)RU\TPU\subj\60127
|9 77616
|
| 610 |
1 |
|
|a срредства труда
|
| 610 |
1 |
|
|a производственный аппарат
|
| 610 |
1 |
|
|a обновление
|
| 610 |
1 |
|
|a интенсификация
|
| 610 |
1 |
|
|a оценка
|
| 610 |
1 |
|
|a эффективность
|
| 610 |
1 |
|
|a оптимизация
|
| 610 |
1 |
|
|a использование
|
| 610 |
1 |
|
|a плановость
|
| 610 |
1 |
|
|a наука
|
| 610 |
1 |
|
|a материальное производство
|
| 686 |
|
|
|a У013.73.0
|2 rubbk
|
| 686 |
|
|
|a У013.742.4
|2 rubbk
|
| 700 |
|
1 |
|a Кушлин
|b В. И.
|g Валерий Иванович
|4 070
|
| 801 |
|
0 |
|a RU
|b RuMRKP
|c 19950704
|g psbo
|
| 801 |
|
1 |
|a RU
|b 63413507
|c 20141018
|
| 801 |
|
2 |
|a RU
|b 63413507
|c 20160411
|g RCR
|
| 942 |
|
|
|c BK
|